The life and times of the Perdon family / (Record no. 118171)
[ view plain ]
| 000 -LEADER | |
|---|---|
| fixed length control field | 00713nam a2200217Ia 4500 |
| 003 - CONTROL NUMBER IDENTIFIER | |
| control field | PILC |
| 005 - DATE AND TIME OF LATEST TRANSACTION | |
| control field | 20160317144546.0 |
| 008 - FIXED-LENGTH DATA ELEMENTS--GENERAL INFORMATION | |
| fixed length control field | 140609s9999 xx 000 0 und d |
| 020 ## - INTERNATIONAL STANDARD BOOK NUMBER | |
| International Standard Book Number | 9780980482737 |
| 050 ## - LIBRARY OF CONGRESS CALL NUMBER | |
| Classification number | CT 21 |
| Item number | .P412 2011 |
| 100 ## - MAIN ENTRY--PERSONAL NAME | |
| Personal name | Perdon, Renato. |
| 245 #4 - TITLE STATEMENT | |
| Title | The life and times of the Perdon family / |
| Statement of responsibility, etc | Renato Perdon. |
| 260 ## - PUBLICATION, DISTRIBUTION, ETC. (IMPRINT) | |
| Place of publication, distribution, etc | Sydney, Australia : |
| Name of publisher, distributor, etc | Manila Prints Australia, |
| Date of publication, distribution, etc | 2011. |
| 300 ## - PHYSICAL DESCRIPTION | |
| Extent | 292 pages : |
| Other physical details | illustrations (some color) ; |
| Dimensions | 26 cm. |
| 500 ## - GENERAL NOTE | |
| General note | Includes bibliographical references. |
| 650 ## - SUBJECT ADDED ENTRY--TOPICAL TERM | |
| Topical term or geographic name as entry element | Historians |
| General subdivision | Philippines -- Biography. |
| 650 ## - SUBJECT ADDED ENTRY--TOPICAL TERM | |
| Topical term or geographic name as entry element | Immigrants |
| General subdivision | Australia -- Biography. |
| 650 ## - SUBJECT ADDED ENTRY--TOPICAL TERM | |
| Topical term or geographic name as entry element | Philippines |
| General subdivision | Genealogy. |
| 942 ## - ADDED ENTRY ELEMENTS (KOHA) | |
| Call number prefix | Local |
| Koha item type | Books |
| Source of classification or shelving scheme | Library of Congress Classification |
| Withdrawn status | Lost status | Source of classification or shelving scheme | Damaged status | Home library | Current library | Shelving location | Date acquired | Source of acquisition | Cost, normal purchase price | Total Checkouts | Full call number | Barcode | Date last seen | Price effective from | Koha item type |
|---|---|---|---|---|---|---|---|---|---|---|---|---|---|---|---|
| Library of Congress Classification | College Library | College Library | General Circulation Section | 06/09/2014 | Donation | 650.00 | CT 21 .P412 2011 | C18459 | 05/15/2018 | 06/09/2014 | Books |